[Event "Simcoe Day op"]
[Site "Toronto CAN"]
[Date "1996.08.04"]
[Round "4"]
[White "Golts, Roman"]
[Black "Southam, Todd"]
[Result "0-1"]
[WhiteElo "2171"]
[BlackElo "2399"]
[PlyCount "84"]
[EventDate "1996.08.03"]
[EventType "swiss"]
[EventRounds "5"]
[EventCountry "CAN"]
[Source "CFC"]
[SourceDate "2002.12.??"]

1. e4 e5 2. Nf3 Nc6 3. Bb5 a6 4. Ba4 Nf6 5. O-O Be7 6. Re1 b5 7. Bb3 d6 8. c3
O-O 9. h3 Nb8 10. d4 Nbd7 11. Nbd2 Bb7 12. Bc2 Re8 13. Nf1 Bf8 14. Ng3 g6 15.
Nh2 exd4 16. cxd4 c5 17. d5 Bg7 18. f4 c4 19. Be3 h5 20. Nf3 h4 21. Nxh4 Nxd5
22. exd5 Qxh4 23. Ne4 Nf6 24. Nxd6 Rxe3 25. Rxe3 Qxf4 26. Re7 Bxd5 27. Ne8 Rxe8
28. Rxe8+ Nxe8 29. Qxd5 Bd4+ 30. Kh1 Be5 31. Kg1 Nf6 32. Qf3 Qd4+ 33. Qf2 Qxb2
34. Rd1 Qxa2 35. Qh4 Kg7 36. Rd8 Nh5 37. Qe4 Qa1+ 38. Rd1 Qc3 39. Rd5 Bf4 40.
Rd7 Qg3 41. Kf1 Nf6 42. Qd4 Be3 0-1

[Event "Simcoe Day op"]
[Site "Toronto CAN"]
[Date "1996.08.04"]
[Round "4"]
[White "Russell, Andrew"]
[Black "Veltmann, Alfred"]
[Result "1-0"]
[WhiteElo "2030"]
[BlackElo "1892"]
[Annotator ",Hugh"]
[PlyCount "77"]
[EventDate "1996.08.03"]
[EventType "swiss"]
[EventRounds "5"]
[EventCountry "CAN"]

1. d4 d5 2. Nf3 Nf6 3. Bf4 e6 4. e3 Nbd7 5. Bd3 c5 6. c3 Qb6 7. Qc2 c4 8. Be2
h6 9. h3 Bd6 10. Nbd2 Bxf4 11. exf4 Qd6 12. Ne5 Qe7 13. g4 Nxe5 14. fxe5 Nd7
15. h4 Nb6 16. a4 a5 17. b3 Qc7 18. bxc4 dxc4 19. Qa2 Bd7 20. Nxc4 Nxc4 21.
Qxc4 Qxc4 22. Bxc4 Rc8 23. Bb5 Rxc3 24. Kd2 Rc7 25. Bxd7+ Kxd7 26. Rhb1 Rb8 27.
Rb6 Rc6 28. Rb5 b6 29. Kd3 Kc7 30. Rab1 Rd8 31. f4 Re8 32. f5 Rd8 33. Rf1 Rd7
34. Rb2 f6 35. exf6 exf5 36. fxg7 Rxg7 37. gxf5 Rf6 38. Ke4 Re7+ 39. Kf4 {etc.}
1-0

[Event "Simcoe Day op"]
[Site "Toronto CAN"]
[Date "1996.08.04"]
[Round "4"]
[White "Williams, Paul"]
[Black "Veltmann, Martin"]
[Result "1-0"]
[WhiteElo "2240"]
[BlackElo "2177"]
[PlyCount "77"]
[EventDate "1996.08.03"]
[EventType "swiss"]
[EventRounds "5"]
[EventCountry "CAN"]

1. e4 e5 2. Nf3 Nc6 3. Bc4 Bc5 4. d3 Nf6 5. Nc3 O-O 6. Bg5 d6 7. Nd5 Be6 8.
Bxf6 gxf6 9. Qd2 Bxd5 10. Bxd5 Ne7 11. Bb3 Kh8 12. Qh6 Ng8 13. Qh5 Qd7 14. Nh4
Ne7 15. Bxf7 Kg7 16. Bb3 c6 17. Nf5+ Nxf5 18. Qxf5 Qc7 19. h4 a5 20. a4 Rad8
21. Be6 Qb6 22. Rh3 Kh8 23. Rg3 Rde8 24. Bb3 Bb4+ 25. Kf1 Qd8 26. h5 Bd2 27. h6
Bg5 28. Rh3 Re7 29. g3 Qc8 30. Qxc8 Rxc8 31. Ke2 Rd8 32. Rf1 d5 33. f4 exf4 34.
gxf4 dxe4 35. fxg5 exd3+ 36. Kd2 dxc2+ 37. Kxc2 Re2+ 38. Kb1 Rdd2 39. Rxf6 1-0

[Event "Simcoe Day op"]
[Site "Toronto CAN"]
[Date "1996.08.04"]
[Round "5"]
[White "Veltmann, Alfred"]
[Black "Majstorovic, Dan"]
[Result "0-1"]
[WhiteElo "1892"]
[BlackElo "2075"]
[PlyCount "47"]
[EventDate "1996.08.03"]
[EventType "swiss"]
[EventRounds "5"]
[EventCountry "CAN"]

1. e4 e6 2. d4 d5 3. Nd2 Nf6 4. e5 Nfd7 5. Bd3 c5 6. c3 Nc6 7. Ndf3 cxd4 8.
cxd4 Qb6 9. Ne2 f6 10. Nf4 fxe5 11. Nxe6 a6 12. Nfg5 Nf6 13. Bb1 h6 14. Nxf8
Rxf8 15. Nh3 Bxh3 16. gxh3 Qxd4 17. Rg1 Qxd1+ 18. Kxd1 Rg8 19. Ke1 Nd4 20. Rg2
O-O-O 21. Be3 Nf3+ 22. Kd1 d4 23. Bc1 Rde8 24. a4 0-1

[Event "Simcoe Day op"]
[Site "Toronto CAN"]
[Date "1996.08.04"]
[Round "5"]
[White "Veltmann, Martin"]
[Black "Leblanc, Paul"]
[Result "1-0"]
[WhiteElo "2177"]
[BlackElo "2089"]
[PlyCount "83"]
[EventDate "1996.08.03"]
[EventType "swiss"]
[EventRounds "5"]
[EventCountry "CAN"]

1. c4 c6 2. Nc3 d5 3. d4 Nf6 4. Nf3 dxc4 5. a4 Bf5 6. e3 e6 7. Bxc4 Bb4 8. O-O
Nbd7 9. Qb3 a5 10. Na2 Be7 11. Nc3 Qb6 12. Re1 Qxb3 13. Bxb3 h6 14. e4 Bh7 15.
Bf4 O-O 16. Nd2 Bb4 17. f3 c5 18. Be3 Rac8 19. Rac1 cxd4 20. Bxd4 Nc5 21. Bxc5
Rxc5 22. Ncb1 Rd8 23. Rxc5 Bxc5+ 24. Kf1 Kf8 25. Ke2 b6 26. Nc4 Rd4 27. Nc3 Ke7
28. Nb5 Rd8 29. Ne5 Kf8 30. Rc1 Ne8 31. Nc6 Rd7 32. Nxa5 e5 33. Nc6 f6 34. a5
Nc7 35. Nxc7 Rxc7 36. Bd5 Bg6 37. a6 Be8 38. Ra1 b5 39. Nd8 Bd7 40. Rc1 b4 41.
Rxc5 Rxc5 42. a7 1-0

[Event "South Alberta ch U20"]
[Site "Calgary CAN"]
[Date "1996.??.??"]
[Round "?"]
[White "Davies, Jordan"]
[Black "Singh, Gurb"]
[Result "1-0"]
[WhiteElo "1823"]
[BlackElo "1710"]
[PlyCount "49"]
[EventDate "1996.??.??"]
[EventType "tourn"]
[EventRounds "5"]
[EventCountry "CAN"]

1. e4 c5 2. Nc3 e6 3. f4 d5 4. Nf3 dxe4 5. Nxe4 Nc6 6. Bc4 Nf6 7. Qe2 Be7 8.
O-O a6 9. a4 Nd4 10. Nxf6+ Bxf6 11. Nxd4 Qxd4+ 12. Kh1 Bd7 13. d3 O-O 14. c3
Qd6 15. Be3 e5 16. Qf2 Rac8 17. fxe5 Bxe5 18. Bxf7+ Kh8 19. Qh4 Bf6 20. Qh5 Be6
21. Bg6 Bg8 22. Rf3 Be7 23. Rh3 Rf6 24. Bxh7 Bf7 25. Bg6+ 1-0

[Event "Southern Alberta op"]
[Site "Calgary CAN"]
[Date "1996.11.23"]
[Round "1"]
[White "Wilson, Ted"]
[Black "Ottosen, David"]
[Result "1-0"]
[WhiteElo "2132"]
[BlackElo "1982"]
[PlyCount "31"]
[EventDate "1996.11.23"]
[EventType "swiss"]
[EventRounds "5"]
[EventCountry "CAN"]

1. e4 c5 2. Nf3 Nc6 3. Bb5 g6 4. O-O Nh6 5. d4 cxd4 6. Nxd4 f6 7. Be3 Nf7 8. f4
Bg7 9. Nc3 O-O 10. Bc4 Kh8 11. Qe2 e5 12. Ndb5 a6 13. Bxf7 Rxf7 14. Nd6 Rf8 15.
Nd5 Qa5 16. c3 1-0

[Event "Southern Alberta op"]
[Site "Calgary CAN"]
[Date "1996.11.23"]
[Round "2"]
[White "Ottosen, David"]
[Black "Sokol, Ante"]
[Result "1-0"]
[WhiteElo "1982"]
[BlackElo "1596"]
[PlyCount "55"]
[EventDate "1996.11.23"]
[EventType "swiss"]
[EventRounds "5"]
[EventCountry "CAN"]

1. e4 g6 2. Nc3 Nf6 3. g3 Bg7 4. Bg2 d6 5. d3 c5 6. f4 Nc6 7. Nh3 Qa5 8. O-O
Nd4 9. Bd2 Qc7 10. Be3 Ng4 11. Nd5 Qd7 12. c3 e6 13. Qxg4 exd5 14. Qxd7+ Bxd7
15. cxd4 cxd4 16. Bf2 dxe4 17. dxe4 d3 18. Rfd1 Bg4 19. Rxd3 Rd8 20. Bxa7 O-O
21. Nf2 Bc8 22. Rad1 b5 23. Rxd6 Rxd6 24. Rxd6 Bxb2 25. e5 b4 26. Bc5 Ba3 27.
Rd2 Ba6 28. Bxf8 1-0

[Event "Southern Alberta op"]
[Site "Calgary CAN"]
[Date "1996.11.23"]
[Round "3"]
[White "Kuczaj, Chris"]
[Black "Ottosen, David"]
[Result "1/2-1/2"]
[WhiteElo "2067"]
[BlackElo "1982"]
[PlyCount "50"]
[EventDate "1996.11.23"]
[EventType "swiss"]
[EventRounds "5"]
[EventCountry "CAN"]

1. d4 d5 2. c4 c6 3. Nf3 Nf6 4. Nc3 e6 5. e3 Nbd7 6. Qc2 Bd6 7. Be2 dxc4 8. e4
e5 9. O-O O-O 10. Bxc4 exd4 11. Nxd4 Ne5 12. Be2 Nfg4 13. h3 Bc7 14. Nf5 Bxf5
15. exf5 Qd6 16. g3 Nf6 17. Bg5 h6 18. Rad1 Nd5 19. Ne4 Qb4 20. Bxh6 gxh6 21.
Rxd5 cxd5 22. Nf6+ Kh8 23. Qc1 Kg7 24. Nh5+ Kh7 25. Nf6+ Kg7 1/2-1/2

[Event "Southern Alberta op"]
[Site "Calgary CAN"]
[Date "1996.11.24"]
[Round "4"]
[White "Ottosen, David"]
[Black "Moore, David"]
[Result "1/2-1/2"]
[WhiteElo "1982"]
[BlackElo "1984"]
[PlyCount "111"]
[EventDate "1996.11.23"]
[EventType "swiss"]
[EventRounds "5"]
[EventCountry "CAN"]

1. e4 e5 2. Nf3 Nc6 3. d4 exd4 4. c3 d5 5. e5 Bg4 6. cxd4 Bb4+ 7. Nc3 Nge7 8.
Be2 O-O 9. h3 Bxf3 10. Bxf3 Nf5 11. O-O Nfxd4 12. Bxd5 Bxc3 13. Bxc6 Nxc6 14.
bxc3 Qxd1 15. Rxd1 Nxe5 16. Bf4 f6 17. Bxe5 fxe5 18. Rd7 Rf7 19. Rad1 Re8 20.
Kf1 Kf8 21. Ke2 Rxd7 22. Rxd7 Re7 23. Rd8+ Kf7 24. Ke3 Ke6 25. Ke4 Rf7 26. Re8+
Kd7 27. Rxe5 Rxf2 28. Ra5 Rxg2 29. Rxa7 b6 30. Ra8 Rg3 31. Rg8 Rxh3 32. Rxg7+
Kc6 33. Kd4 h5 34. Rh7 Rh4+ 35. Kd3 Kd6 36. Rh6+ Kd5 37. Rh7 Rh3+ 38. Kd2 c5
39. Rh6 b5 40. Rf6 Ke5 41. Rb6 Rh2+ 42. Ke3 Rxa2 43. Rxb5 Kd5 44. Kd3 h4 45.
c4+ Kc6 46. Rb8 h3 47. Rh8 h2 48. Rh6+ Kd7 49. Ke4 Rd2 50. Ke3 Rg2 51. Ke4 Rd2
52. Ke3 Rd4 53. Rxh2 Rxc4 54. Kd3 Rd4+ 55. Kc3 Kc6 56. Rh8 1/2-1/2

[Event "Southern Alberta op"]
[Site "Calgary CAN"]
[Date "1996.11.24"]
[Round "5"]
[White "Danglapen, Leo"]
[Black "Milne, Arthur"]
[Result "1-0"]
[WhiteElo "2068"]
[BlackElo "1993"]
[PlyCount "73"]
[EventDate "1996.11.23"]
[EventType "swiss"]
[EventRounds "5"]
[EventCountry "CAN"]
[Source "CFC"]
[SourceDate "1997.02.01"]

1. e4 d5 2. exd5 Nf6 3. Nf3 Nxd5 4. d4 g6 5. Be2 Bg7 6. O-O O-O 7. Re1 Nc6 8.
c3 Bg4 9. h3 Bxf3 10. Bxf3 Nb6 11. Bg5 Re8 12. Nd2 h6 13. Bh4 g5 14. Bg3 Qc8
15. Qc2 e6 16. h4 gxh4 17. Bxh4 Ne7 18. Ne4 Nbd5 19. c4 Nf5 20. Bg3 Nxg3 21.
Nxg3 Nf6 22. Rad1 c6 23. Ne4 Nxe4 24. Rxe4 Qc7 25. Rg4 Kh8 26. g3 Rad8 27. Kg2
Qe7 28. Rh1 Rd7 29. Qc1 Qf8 30. Qg5 f5 31. Rgh4 Kh7 32. Bd1 Rxd4 33. g4 Rxc4
34. Bb3 Rc5 35. gxf5 exf5 36. Rxh6+ Bxh6 37. Bg8+ 1-0

[Event "Southern Alberta op"]
[Site "Calgary CAN"]
[Date "1996.11.24"]
[Round "5"]
[White "Ottosen, David"]
[Black "Walker, Warrick"]
[Result "1-0"]
[WhiteElo "1982"]
[BlackElo "2099"]
[PlyCount "135"]
[EventDate "1996.11.23"]
[EventType "swiss"]
[EventRounds "5"]
[EventCountry "CAN"]

1. e4 c5 2. Nf3 Nc6 3. d4 cxd4 4. Nxd4 Nf6 5. Nc3 e5 6. Ndb5 d6 7. Bg5 a6 8.
Na3 Qa5 9. Nc4 Qc7 10. Bxf6 gxf6 11. Nd5 Qd8 12. Ncb6 Rb8 13. c3 Be6 14. Qa4
Bh6 15. Bxa6 O-O 16. Bd3 Kh8 17. Qd1 Rg8 18. Qf3 Rg6 19. g3 Na7 20. Nc4 Nc8 21.
Nce3 Bxe3 22. Nxe3 Ne7 23. O-O b5 24. a3 Qd7 25. Rfd1 Kg7 26. Bc2 h5 27. h4 Bg4
28. Nxg4 Rxg4 29. Rd2 Ng6 30. Kf1 Ne7 31. Rad1 Rb6 32. Bd3 d5 33. exd5 f5 34.
Qe3 Qd6 35. Be2 Rg6 36. Bxh5 Rh6 37. Qg5+ Kh7 38. Bxf7 Rb8 39. Be6 Rf8 40. h5
f4 41. g4 e4 42. f3 e3 43. Rd4 Rff6 44. Bf5+ Nxf5 45. gxf5 Qa6 46. Re4 b4+ 47.
c4 Rf7 48. axb4 Qa4 49. Re1 Qb3 50. Re7 Qxc4+ 51. Kg2 Qxd5 52. Rxf7+ Qxf7 53.
Qg6+ Qxg6+ 54. hxg6+ Kg7 55. Rc1 Rh5 56. Rc7+ Kg8 57. Rf7 Rg5+ 58. Kf1 Rg3 59.
Ke2 Rg2+ 60. Kd3 Rg3 61. Rc7 Rg5 62. Rc8+ Kg7 63. Rc7+ Kf6 64. Rf7+ Ke5 65. g7
Kd6 66. f6 Rd5+ 67. Ke2 Rg5 68. Rf8 1-0

[Event "Spring Frost"]
[Site "Ottawa CAN"]
[Date "1996.04.14"]
[Round "1"]
[White "Pacey, Kevin"]
[Black "Hum, Peter"]
[Result "1-0"]
[WhiteElo "2304"]
[BlackElo "2211"]
[PlyCount "141"]
[EventDate "1996.03.15"]
[EventType "tourn"]
[EventRounds "5"]
[EventCountry "CAN"]

1. e4 e6 2. d4 d5 3. Nc3 Nf6 4. Bg5 dxe4 5. Nxe4 Be7 6. Bxf6 gxf6 7. Nf3 b6 8.
Bc4 Bb7 9. Qe2 c6 10. O-O-O Qc7 11. Rhe1 Nd7 12. Kb1 O-O-O 13. Ng3 Rhe8 14. Nh5
Rg8 15. g3 f5 16. Nf4 Bf6 17. Ne5 Bxe5 18. dxe5 Nc5 19. a3 b5 20. Ba2 Kb8 21.
Qe3 Qe7 22. Nh5 Rxd1+ 23. Rxd1 Nd7 24. Qd4 Nb6 25. Nf6 Rh8 26. h4 c5 27. Nd7+
Nxd7 28. Qxd7 Qxd7 29. Rxd7 Rf8 30. Kc1 Bc6 31. Re7 c4 32. Kd2 Be4 33. Kc3 a5
34. a4 b4+ 35. Kd4 Rd8+ 36. Kc5 Bxc2 37. Bxc4 Rc8+ 38. Kb5 Bxa4+ 39. Kxa5 Rxc4
40. Kxa4 Rc2 41. b3 Rxf2 42. Rxf7 Rg2 43. Rxh7 Rxg3 44. Re7 Rh3 45. Rxe6 Rxh4
46. Rf6 Re4 47. Rxf5 Kc7 48. Kb5 Kd7 49. Rh5 Ke7 50. Rh7+ Ke6 51. Rh5 Ke7 52.
Kc5 Ke6 53. Rh6+ Kxe5 54. Rb6 Rd4 55. Rxb4 Rd5+ 56. Kb6 Kd6 57. Rc4 Rd2 58. b4
Kd7 59. Kb7 Kd8 60. Rc8+ Kd7 61. b5 Rb2 62. Rc7+ Kd8 63. b6 Rb1 64. Rc4 Rb2 65.
Rd4+ Ke7 66. Kc7 Rc2+ 67. Kb8 Rb2 68. b7 Rb1 69. Kc7 Rc1+ 70. Kb6 Rb1+ 71. Kc6
1-0

[Event "Spring Frost"]
[Site "Ottawa CAN"]
[Date "1996.03.21"]
[Round "2"]
[White "Saleh, Maher"]
[Black "Pacey, Kevin"]
[Result "1-0"]
[WhiteElo "2278"]
[BlackElo "2304"]
[PlyCount "45"]
[EventDate "1996.03.15"]
[EventType "tourn"]
[EventRounds "5"]
[EventCountry "CAN"]

1. Nf3 d5 2. g3 Nf6 3. Bg2 c5 4. O-O Nc6 5. d4 e6 6. c4 dxc4 7. Qa4 cxd4 8.
Nxd4 Qxd4 9. Bxc6+ Bd7 10. Rd1 Qxd1+ 11. Qxd1 Bxc6 12. Qc2 Bc5 13. Qxc4 Ne4 14.
Be3 Bxe3 15. fxe3 O-O-O 16. Nc3 Nd2 17. Qf4 Rd7 18. b4 b6 19. Rc1 Kb7 20. b5
Bd5 21. Qd4 Nc4 22. Nxd5 exd5 23. Rxc4 1-0

[Event "Spring Frost"]
[Site "Ottawa CAN"]
[Date "1996.04.21"]
[Round "3"]
[White "Djerkovic, Miladin"]
[Black "Pacey, Kevin"]
[Result "1/2-1/2"]
[WhiteElo "2325"]
[BlackElo "2304"]
[PlyCount "79"]
[EventDate "1996.03.15"]
[EventType "tourn"]
[EventRounds "5"]
[EventCountry "CAN"]

1. e4 e5 2. Nf3 Nc6 3. Bb5 a6 4. Ba4 Nf6 5. O-O Be7 6. Re1 b5 7. Bb3 O-O 8. a4
Rb8 9. c3 b4 10. d4 bxc3 11. bxc3 d6 12. h3 Nd7 13. d5 Na5 14. Bc2 Bb7 15. Nbd2
c6 16. dxc6 Bxc6 17. Ba3 Qc7 18. Qe2 Bb7 19. Bd3 Ra8 20. Reb1 Rfb8 21. Bb4 Nc5
22. Bc2 Bc8 23. Nh2 Ne6 24. Nhf1 Nf4 25. Qf3 Be6 26. Ne3 Nc6 27. Ba3 Rxb1+ 28.
Rxb1 g6 29. Nd5 Bxd5 30. exd5 Na5 31. Rb4 Rc8 32. Bb2 Qc5 33. Nb3 Nxb3 34. Bxb3
Qa7 35. Kh2 Bd8 36. Bc1 Ba5 37. Rc4 Rxc4 38. Bxc4 Qc5 39. Bxa6 Bxc3 40. Bxf4
1/2-1/2

[Event "Spring Frost"]
[Site "Ottawa CAN"]
[Date "1996.04.04"]
[Round "4"]
[White "Hum, Peter"]
[Black "Pacey, Kevin"]
[Result "1-0"]
[WhiteElo "2211"]
[BlackElo "2304"]
[PlyCount "49"]
[EventDate "1996.03.15"]
[EventType "tourn"]
[EventRounds "5"]
[EventCountry "CAN"]

1. d4 Nf6 2. c4 e6 3. Nc3 Bb4 4. e3 b6 5. Bd3 Bb7 6. Nge2 Bxg2 7. Rg1 Be4 8. a3
Bxd3 9. Qxd3 Bf8 10. e4 d6 11. Bg5 Be7 12. O-O-O Nc6 13. f4 h6 14. Bh4 Qd7 15.
Qf3 O-O-O 16. Rxg7 Rdf8 17. e5 Ne8 18. Bxe7 Nxg7 19. Bxf8 Rxf8 20. d5 exd5 21.
Nxd5 Ne8 22. Nb4 Nb8 23. Nc3 a5 24. Nbd5 Qc6 25. Ne7+ 1-0

[Event "Spring Frost"]
[Site "Ottawa CAN"]
[Date "1996.04.11"]
[Round "5"]
[White "Pacey, Kevin"]
[Black "Saleh, Maher"]
[Result "1-0"]
[WhiteElo "2304"]
[BlackElo "2278"]
[PlyCount "89"]
[EventDate "1996.03.15"]
[EventType "tourn"]
[EventRounds "5"]
[EventCountry "CAN"]

1. d4 Nf6 2. c4 g6 3. Nc3 d5 4. cxd5 Nxd5 5. e4 Nxc3 6. bxc3 Bg7 7. Bc4 c5 8.
Ne2 Nc6 9. Be3 O-O 10. O-O Qc7 11. Rc1 Rd8 12. Kh1 e6 13. f4 Na5 14. Bd3 f5 15.
Ng1 b6 16. Nf3 Bb7 17. exf5 exf5 18. Ne5 Rac8 19. Qe1 cxd4 20. cxd4 Qd6 21. Qg3
Bd5 22. h4 Rxc1 23. Rxc1 Nc6 24. h5 Nxe5 25. fxe5 Qe6 26. Rc7 Rd7 27. Rxd7 Qxd7
28. hxg6 f4 29. gxh7+ Kh8 30. Bxf4 Bxa2 31. Qf3 Bd5 32. Be4 Bxe4 33. Qxe4 a5
34. e6 Qe8 35. d5 a4 36. d6 a3 37. d7 Qh5+ 38. Kg1 Qd1+ 39. Kf2 a2 40. e7 Qd4+
41. Qxd4 Bxd4+ 42. Kg3 a1=Q 43. e8=Q+ Kxh7 44. Qf7+ Bg7 45. Qf5+ 1-0

[Event "Spring Frost"]
[Site "Ottawa CAN"]
[Date "1996.04.18"]
[Round "6"]
[White "Pacey, Kevin"]
[Black "Djerkovic, Miladin"]
[Result "1-0"]
[WhiteElo "2304"]
[BlackElo "2325"]
[PlyCount "99"]
[EventDate "1996.03.15"]
[EventType "tourn"]
[EventRounds "5"]
[EventCountry "CAN"]

1. e4 e5 2. Nf3 Nc6 3. Bc4 Bc5 4. Nc3 Nf6 5. Nd5 d6 6. c3 h6 7. d4 Bb6 8. Nxb6
axb6 9. dxe5 dxe5 10. Qxd8+ Nxd8 11. Nxe5 Nxe4 12. O-O Be6 13. Re1 Nd6 14. Bxe6
Nxe6 15. Ng6 fxg6 16. Rxe6+ Kf7 17. Re2 g5 18. Be3 Rhe8 19. b3 Nf5 20. Rd1 Nxe3
21. fxe3 Rad8 22. Rxd8 Rxd8 23. Kf2 Ke6 24. Rc2 Ke5 25. Kf3 Rd3 26. h3 h5 27.
c4 c5 28. Re2 Rd7 29. Rb2 g4+ 30. hxg4 hxg4+ 31. Kxg4 Ke4 32. Kg5 Kxe3 33. Kg6
Kd3 34. g4 Kc3 35. Rf2 b5 36. cxb5 Kb4 37. b6 Kb5 38. Rf7 Rd2 39. Rxb7 Kc6 40.
Ra7 Kxb6 41. Ra4 Rd4 42. Rc4 Rd2 43. a3 Ra2 44. b4 cxb4 45. axb4 Ra7 46. g5 Kb5
47. Rf4 Rc7 48. Rf7 Rc6+ 49. Kxg7 Kxb4 50. g6 1-0

[Event "Stardust Autumn active"]
[Site "High Level CAN"]
[Date "1996.11.23"]
[Round "4"]
[White "McIntosh, Dimitry"]
[Black "Wiebe, Abe"]
[Result "1-0"]
[WhiteElo "1074"]
[BlackElo "1512"]
[PlyCount "57"]
[EventDate "1996.11.23"]
[EventType "swiss (rapid)"]
[EventRounds "5"]
[EventCountry "CAN"]
[Source "CFC"]
[SourceDate "1997.02.01"]

1. d4 Nf6 2. c4 e6 3. Nc3 Bb4 4. Nf3 d5 5. e3 Ne4 6. Bd2 Nxd2 7. Qxd2 Nc6 8.
Bd3 b6 9. a3 Bxc3 10. Qxc3 Bb7 11. O-O O-O 12. Rae1 dxc4 13. Bxc4 Na5 14. Bd3
Bxf3 15. gxf3 Qd7 16. b4 Nb7 17. Be4 Rab8 18. Kh1 Nd6 19. Bd3 Rbc8 20. Rg1 Ra8
21. d5 g6 22. dxe6 fxe6 23. Bxg6 hxg6 24. Rxg6+ Kh7 25. Reg1 Rg8 26. Qf6 Rxg6
27. Qxg6+ Kh8 28. Qf6+ Kh7 29. Qh4# 1-0

[Event "Summer op"]
[Site "Victoria CAN"]
[Date "1996.06.23"]
[Round "5"]
[White "Davies, Alex"]
[Black "Neufahrt, Gerhard"]
[Result "1-0"]
[WhiteElo "2000"]
[BlackElo "2099"]
[PlyCount "47"]
[EventDate "1996.06.22"]
[EventType "swiss"]
[EventRounds "5"]
[EventCountry "CAN"]

1. e4 g6 2. d4 Bg7 3. c3 d6 4. Nf3 Nd7 5. Bc4 c5 6. O-O Qc7 7. Qe2 e6 8. Bf4
Nb6 9. Na3 e5 10. Bg3 Nh6 11. dxe5 dxe5 12. Bb5+ Bd7 13. Bxd7+ Nxd7 14. Nb5 Qb6
15. Rfd1 O-O-O 16. Rd6 Qa5 17. Rad1 Rhe8 18. Qd3 Re7 19. Nxe5 Bxe5 20. Bxe5
Rxe5 21. Rxd7 Rde8 22. Nxa7+ Kb8 23. Nc6+ bxc6 24. Qd6+ 1-0

[Event "Thanksgiving op"]
[Site "Halifax CAN"]
[Date "1996.10.12"]
[Round "2"]
[White "Saunders, Stephen"]
[Black "Hake, Paul"]
[Result "1-0"]
[WhiteElo "1932"]
[BlackElo "1838"]
[PlyCount "55"]
[EventDate "1996.10.12"]
[EventType "swiss"]
[EventRounds "5"]
[EventCountry "CAN"]

1. d4 c6 2. c4 g6 3. Nc3 Bg7 4. e4 d6 5. Be3 Nf6 6. f3 O-O 7. Qd2 Na6 8. O-O-O
Qc7 9. Bh6 e5 10. d5 cxd5 11. cxd5 Nc5 12. Kb1 a6 13. h4 b5 14. Bxg7 Kxg7 15.
h5 b4 16. Nce2 Rb8 17. hxg6 fxg6 18. Rc1 Kg8 19. Ng3 Qa7 20. Nh3 Bxh3 21. Rxh3
a5 22. Bc4 a4 23. Rch1 Rfc8 24. Qg5 Ncd7 25. Rxh7 Nxh7 26. Qxg6+ Kf8 27. Rxh7
Qg1+ 28. Nf1 1-0

[Event "Thanksgiving op"]
[Site "Halifax CAN"]
[Date "1996.10.13"]
[Round "3"]
[White "Armstrong, Brad"]
[Black "Bernard, Gilbert"]
[Result "1/2-1/2"]
[WhiteElo "1892"]
[BlackElo "1669"]
[PlyCount "90"]
[EventDate "1996.10.12"]
[EventType "swiss"]
[EventRounds "5"]
[EventCountry "CAN"]

1. e4 c6 2. d4 d5 3. Nc3 dxe4 4. Nxe4 Bf5 5. Ng3 Bg6 6. h4 h6 7. Nf3 Nd7 8. h5
Bh7 9. Bd3 Bxd3 10. Qxd3 e6 11. Bf4 Ngf6 12. O-O-O Nd5 13. Bd2 b5 14. Rhe1 Be7
15. Kb1 a5 16. Ne5 Nxe5 17. dxe5 Qc7 18. f4 Rd8 19. Qf3 O-O 20. Ne4 c5 21. g4
b4 22. g5 hxg5 23. fxg5 c4 24. h6 c3 25. hxg7 Kxg7 26. Bc1 cxb2 27. Bxb2 Nc3+
28. Nxc3 bxc3 29. Qxc3 Rxd1+ 30. Rxd1 Qb6 31. Qd4 Qxd4 32. Rxd4 Bxg5 33. Rd7
Rb8 34. c4 Kg6 35. Kc2 Bf4 36. Ra7 Rb4 37. Rxa5 Rxc4+ 38. Kb3 Re4 39. a4 Kf5
40. Ra7 Bxe5 41. Bxe5 Kxe5 42. Rxf7 Kd6 43. a5 Kc6 44. a6 Re3+ 45. Kc4 Re4+
1/2-1/2

[Event "Thanksgiving op"]
[Site "Halifax CAN"]
[Date "1996.10.13"]
[Round "4"]
[White "Mayo, Alvah"]
[Black "Urquhart, Eddie"]
[Result "0-1"]
[WhiteElo "1972"]
[BlackElo "2197"]
[PlyCount "108"]
[EventDate "1996.10.12"]
[EventType "swiss"]
[EventRounds "5"]
[EventCountry "CAN"]

1. d4 Nf6 2. c4 g6 3. Nc3 d5 4. g3 Bg7 5. Bg2 c5 6. dxc5 O-O 7. cxd5 Qa5 8. Bd2
Qxc5 9. Qb3 Na6 10. Nh3 Rd8 11. O-O e6 12. Be3 Qc7 13. Rfd1 exd5 14. Nxd5 Nxd5
15. Rxd5 Rxd5 16. Qxd5 Nb4 17. Qc5 Qxc5 18. Bxc5 a5 19. Rd1 Bxh3 20. Bxh3 Bxb2
21. Rb1 Bc3 22. a3 Na6 23. Be3 Rb8 24. Bf4 Re8 25. Rb3 Bf6 26. Be3 Rb8 27. Bb6
a4 28. Rd3 Re8 29. Kf1 Nb8 30. Bg2 Nc6 31. Bc5 Ne5 32. Rd1 Be7 33. Bxe7 Rxe7
34. Rd4 Rc7 35. Be4 b5 36. Ke1 Nc4 37. Rd3 Kg7 38. Rc3 Kf6 39. Bd3 Ke5 40. Bxc4
Kd4 41. Bxb5 Rxc3 42. Bxa4 Rxa3 43. Bb5 Ra1+ 44. Kd2 g5 45. e3+ Kc5 46. Bd3 h6
47. Be4 Kd6 48. Ke2 Ke5 49. Bf3 f5 50. h3 f4 51. Bb7 Ra2+ 52. Kf3 fxe3 53. fxe3
h5 54. Be4 g4+ 0-1

[Event "Thanksgiving op"]
[Site "Halifax CAN"]
[Date "1996.10.14"]
[Round "5"]
[White "Charlton, Glenn"]
[Black "Villeneuve, Robert"]
[Result "1/2-1/2"]
[WhiteElo "2101"]
[BlackElo "2200"]
[PlyCount "36"]
[EventDate "1996.10.12"]
[EventType "swiss"]
[EventRounds "5"]
[EventCountry "CAN"]

1. e4 Nc6 2. d4 d5 3. Nc3 dxe4 4. d5 Nb8 5. Bf4 Nf6 6. Bc4 c6 7. Nge2 Bg4 8. h3
Bxe2 9. Qxe2 cxd5 10. Bxd5 Nc6 11. O-O-O Qa5 12. Bxc6+ bxc6 13. Qc4 Rc8 14.
Rhe1 e6 15. Nxe4 Nxe4 16. Rxe4 Be7 17. Bd6 Bxd6 18. Rxd6 O-O 1/2-1/2

[Event "Thanksgiving op"]
[Site "Halifax CAN"]
[Date "1996.10.14"]
[Round "5"]
[White "Urquhart, Eddie"]
[Black "Charlton, Glenn"]
[Result "1/2-1/2"]
[WhiteElo "2197"]
[BlackElo "2101"]
[PlyCount "60"]
[EventDate "1996.10.12"]
[EventType "swiss"]
[EventRounds "5"]
[EventCountry "CAN"]

1. c4 e5 2. g3 d6 3. Bg2 f5 4. e3 Nf6 5. d4 Be7 6. Ne2 O-O 7. Nbc3 c6 8. b3 Na6
9. Bb2 e4 10. h4 Nc7 11. Qc2 b5 12. cxb5 cxb5 13. Nxb5 Nxb5 14. Qc4+ d5 15.
Qxb5 Qd6 16. Qa5 Ba6 17. Qd2 Rac8 18. O-O Ng4 19. Bh3 Bd3 20. Rfc1 Rxc1+ 21.
Rxc1 Bxh4 22. Bxg4 fxg4 23. Nf4 g5 24. Nxd3 Bxg3 25. Ne5 Rxf2 26. Qxf2 Bxf2+
27. Kxf2 Qh6 28. Rc8+ Kg7 29. Ba3 Qh2+ 30. Ke1 Qg1+ 1/2-1/2

[Event "Thanksgiving op"]
[Site "Vancouver CAN"]
[Date "1996.10.13"]
[Round "5"]
[White "Herder, David"]
[Black "Orlov, Georgi"]
[Result "0-1"]
[WhiteElo "2311"]
[BlackElo "2588"]
[PlyCount "52"]
[EventDate "1996.10.11"]
[EventType "swiss"]
[EventRounds "7"]
[EventCountry "CAN"]

1. d4 d5 2. c4 Nc6 3. Nf3 Bg4 4. cxd5 Bxf3 5. dxc6 Bxc6 6. Nc3 e6 7. e4 Bb4 8.
f3 f5 9. Bc4 fxe4 10. O-O exf3 11. Bxe6 Qh4 12. g3 Qf6 13. d5 f2+ 14. Rxf2 Bc5
15. Bf4 Bxf2+ 16. Kxf2 Ne7 17. Kg1 Qg6 18. Qb3 Rf8 19. Rf1 Bd7 20. Qxb7 Rc8 21.
Bxd7+ Kxd7 22. d6 Rxf4 23. Rd1 Qg4 24. dxe7+ Kxe7 25. Qxa7 Kf8 26. Qc5+ Kg8 0-1